[Event "IOM Open-Masters 2017"]
[Site "Douglas"]
[Date "2017.09.27"]
[Round "5"]
[White "Shvayger, Yuliya"]
[Black "Birkisson, Bardur Orn"]
[Result "1-0"]
[WhiteElo "2442"]
[BlackElo "2164"]
[Annotator "TA"]
[PlyCount "53"]
[EventDate "2017.??.??"]
[EventType "swiss"]
[EventCountry "GBR"]
[SourceTitle "playchess.com"]
[Source "ChessBase"]
[SourceQuality "1"]

{[%evp 13,53,-12,66,57,72,79,43,27,6,-5,116,0,207,47,103,93,139,130,143,129,116,122,178,185,555,551,629,617,677,674,663,656,655,647,1510,1491,1629,1336,1276,760,749,727]} 1. e4 e5 2. Nf3 Nc6 3. Nc3 Nf6 4. Bb5 Bd6 5. d3 h6 6. a3 {C48: Four Knights: 4 Bb5, replies other than 4...Bb4} O-O 7. g4 {[%cal Bg2g4,Bg4g5][%mdl 32]} Bc5 {LiveBook: 4 Games} (7... Nxg4 $6 8. Rg1 $16) (7... Nd4 $11) 8. g5 $146 {White is slightly better.} ({Predecessor:} 8. Na4 Be7 9. Bxc6 dxc6 10. h3 Nh7 11. Be3 Bg5 12. Nxg5 Nxg5 {1-0 (30) Rapport,R (2698)-Biolek,R (2418) Deizisau 2014}) 8... Ng4 9. Rf1 $1 {Hoping for gxh6.} Nd4 10. Nxd4 exd4 11. Na4 (11. Qxg4 $6 d5 $16) 11... Nxh2 (11... Be7 $1 $11 12. gxh6 (12. Qxg4 hxg5 13. Rg1 a6 $14) 12... g6) 12. Rh1 (12. Nxc5 $6 Nxf1 13. Qh5 (13. Kxf1 d6 $11) (13. gxh6 Qh4 $17) 13... Qe7 $11) (12. Rg1 $1 $16 Bd6 13. Qh5 (13. gxh6 Qh4 $11)) 12... Bd6 $2 (12... d5 $11 {and Black is okay.} 13. Rxh2 (13. Nxc5 Bg4 $17) 13... Bd6) 13. f4 $2 (13. gxh6 g6 $15) ({Only move:} 13. Qh5 $1 $18) 13... c6 (13... Be7 $14) 14. Bc4 $1 $36 {[%mdl 2048] White has strong initiative.} b5 15. Ba2 $1 Qc7 ({But not} 15... bxa4 16. Rxh2 Bc7 17. gxh6) 16. Rxh2 Bxf4 {[#]} ({Avoid the trap} 16... bxa4 $2 17. Qg4 $18 (17. gxh6 Bxf4 18. Qg4 g5 $16)) 17. Rg2 $1 bxa4 (17... Bg3+ $16 {is a better defense.} 18. Kf1 d5) 18. gxh6 $18 Bg3+ $2 {[#]} (18... g5 19. Qg4 Kh8) 19. Kf1 $1 {aiming for hxg7.White is clearly winning.} d5 20. hxg7 {Strongly threatening Qh5.} Kxg7 21. Qh5 Rh8 22. Qg5+ Kf8 23. Rxg3 Be6 24. Bf4 Qb7 25. Kg1 Ke8 26. Qe5 Kd7 27. Qd6+ {Precision: White = 53%, Black = 28%.} 1-0

[Event "IOM Open-Masters 2017"]
[Site "Douglas"]
[Date "2017.09.27"]
[Round "5"]
[White "Trent, Lawrence"]
[Black "Kramnik, Vladimir"]
[Result "1/2-1/2"]
[WhiteElo "2427"]
[BlackElo "2803"]
[Annotator "TA"]
[PlyCount "92"]
[EventDate "2017.??.??"]
[EventType "swiss"]
[EventCountry "GBR"]
[SourceTitle "playchess.com"]
[Source "ChessBase"]
[SourceQuality "1"]

{[%evp 23,92,13,18,20,20,13,42,46,46,39,48,45,39,39,42,15,15,16,14,28,12,20,25,17,52,52,70,63,112,48,47,47,48,48,48,48,48,48,61,48,50,0,0,0,0,0,0,0,0,0,0,0,0,0,0,-20,-20,-20,-20,-20,-20,-20,0,-20,-20,-20,-20,-20,-20,-24,0]} 1. e4 e5 2. Nf3 Nc6 3. Bc4 Bc5 4. c3 Nf6 5. d4 exd4 6. cxd4 Bb4+ 7. Nbd2 d5 8. exd5 Nxd5 9. O-O {C54: Giuoco Piano: 4 c3 Nf6, main lines with 5 d4 and 5 d3} O-O 10. a3 (10. Ne5 Nb6 11. Nxc6 bxc6 12. Bd3 Qxd4 13. Nf3 Qd5 14. Qc2 Qh5 15. Bf4 Bd6 16. Bg3 c5 {½-½ (39) Smirnov,P (2626)-Khismatullin,D (2680) Izhevsk 2014}) 10... Bxd2 11. Bxd2 Bg4 12. h3 Bh5 {LiveBook: 5 Games} 13. g4 Bg6 14. Re1 {[#]} Qd6 $146 ({Predecessor:} 14... Nb6 15. Bb3 Nxd4 16. Nxd4 Qxd4 {½-½ (30) Brkic,A (2578)-Bosiocic,M (2542) Bol 2014}) 15. Qb3 Rad8 $1 16. Rac1 h5 17. Bxd5 Qxd5 18. Qxb7 Qxf3 19. Rc3 (19. Re3 {feels hotter.} Nxd4 20. Rxf3 Rb8 21. Qd5 Rbd8 22. Qxd4 Rxd4 23. Be3) 19... Qd5 20. Qxc6 hxg4 21. Qxd5 Rxd5 22. Rxc7 gxh3 23. Be3 Re8 24. Rec1 Re4 25. Kh2 Rg4 26. Rc8+ ({Much weaker is} 26. Rxa7 $6 Rh5 $11) (26. R1c5 $16 Rxc5 27. dxc5 (27. Rxc5 a6 $16)) 26... Kh7 $14 27. R8c5 Be4 28. Rxd5 Bxd5 29. Kxh3 {[%mdl 4096] Endgame KRB-KRB} f5 30. Rc5 Bg2+ 31. Kh2 Kg6 32. Rc1 Bd5 {[#] ...f4 is the strong threat.} 33. Rg1 Kh5 {aiming for ...Rh4+.} 34. Rxg4 Kxg4 $11 {KB-KB} 35. Bd2 f4 36. Bb4 Kf3 37. Kg1 g5 38. Be7 g4 39. b4 Ke2 40. Bh4 Bc6 41. d5 Bxd5 42. Be7 Bc6 43. Bc5 a6 44. Bd6 Kf3 45. Bc7 Bb5 46. Bb8 Bc6 {Precision: White = 73%, Black = 69%.} 1/2-1/2

[Event "IOM Open-Masters 2017"]
[Site "Douglas"]
[Date "2017.09.27"]
[Round "5"]
[White "Zatonskih, Anna"]
[Black "Kosteniuk, Alexandra"]
[Result "1-0"]
[WhiteElo "2424"]
[BlackElo "2552"]
[Annotator "TA"]
[PlyCount "183"]
[EventDate "2017.??.??"]
[EventType "swiss"]
[EventCountry "GBR"]
[SourceTitle "playchess.com"]
[Source "ChessBase"]
[SourceQuality "1"]

{[%evp 19,183,21,38,31,36,39,28,14,38,10,17,10,18,16,16,0,27,25,76,68,147,83,143,85,134,138,156,152,145,153,152,150,366,372,338,362,452,442,435,434,457,459,570,539,737,665,712,560,641,403,407,407,407,378,408,411,382,381,465,456,491,471,517,497,521,509,564,488,479,0,571,567,537,520,459,409,388,396,450,372,542,533,527,511,770,0,436,0,766,726,665,470,641,626,605,535,516,517,525,517,564,565,551,572,568,549,505,331,379,390,416,388,396,375,366,334,385,378,578,562,511,166,164,164,162,167,612,470,687,669,2264,1416,2182,1257,867,448,544,574,635,635,751,433,433,422,361,354,354,354,354,354,354,354,412,376,29982,0,297,0,29982,29983,29983,29984,29984,29985,29985,29986]} 1. d4 d5 2. c4 c6 3. cxd5 cxd5 4. Nc3 Nc6 5. Nf3 Nf6 6. Bf4 Bf5 7. e3 e6 8. Qb3 Bb4 9. Bb5 O-O 10. O-O Bd6 {LiveBook: 3 Games. D14: Slav Defence: Exchange variation with ...Bf5} (10... Qe7 11. Bxc6 bxc6 12. Rfc1 c5 13. dxc5 Bxc5 14. Na4 Bd6 15. Bxd6 Qxd6 16. Nd4 Bg6 17. Rc6 Qe5 18. Rac1 {0-1 (31) Seirawan,Y (2620)-Rublevsky,S (2702) Berlin 2015}) 11. Bxc6 bxc6 12. Bxd6 Qxd6 {White is slightly better.} 13. Na4 Rab8 $146 ({Predecessor:} 13... Rfb8 14. Qa3 Qxa3 15. bxa3 Bc2 16. Nc5 Ne4 17. Rfc1 Rb2 18. Nxe4 dxe4 {0-1 (41) Filgueira,H (2347)-Garbarino,R (2350) Buenos Aires 2010}) 14. Qd1 Bg4 15. h3 Bh5 16. Rc1 Nd7 17. b3 f5 18. Nc5 Nf6 (18... Nxc5 $11 19. Rxc5 f4) 19. Nd3 $16 Ne4 ({Better is} 19... Rbc8 $14) 20. Nde5 ({White should try} 20. Qc2) 20... Rb6 (20... Rbc8 $142) 21. Qd3 (21. Qc2 $142) 21... g5 22. Nd2 c5 23. dxc5 Nxc5 24. Qd4 Ne4 25. Nxe4 dxe4 $2 (25... fxe4 $16 26. Rc2 Rb4) 26. Nd7 $18 Qxd4 27. exd4 Rd6 28. Nxf8 Kxf8 {[%mdl 4096] Endgame KRR-KRB} 29. Rc7 Rxd4 30. Rfc1 f4 31. Rxa7 e3 32. fxe3 fxe3 33. Re1 Rd3 34. Ra5 Bd1 35. Rxg5 e2 36. Kf2 Rd2 37. a3 Kf7 38. Rg3 Rb2 39. b4 Kf6 40. Rf3+ Ke7 41. Re3 Ra2 42. Rc3 Kd6 43. Rd3+ Ke7 44. Rc3 Kd6 45. g4 Ke5 46. Ke3 Kf6 47. Kd4 Rd2+ 48. Rd3 e5+ 49. Ke3 Ra2 (49... Rc2 $142 50. Rd6+ Kg5) 50. h4 {[%cal Bh3h4,Bh4h5][%mdl 32]} Ke6 51. Rc3 Kd5 (51... h6 $142 52. Kf2 Ke7) 52. Rd3+ Ke6 $1 53. Rc3 (53. Kf2 $142) 53... Kd5 $1 54. h5 Ke6 55. Ke4 Bc2+ 56. Kf3 Bd1 57. Kg3 Rd2 58. Kf2 Rd4 59. Rg3 h6 60. g5 hxg5 61. Rxg5 Rf4+ 62. Kg2 Rh4 63. Kg3 Rf4 {And now ...Rf1 would win.} 64. Rg6+ Kf7 {Hoping for ...Rf1.} 65. Kg2 Rh4 66. b5 {Threatens to win with b6.} Rxh5 67. Rc6 Ke7 68. b6 $1 {[%cal Rb6b7]} Kd7 (68... Rh8 $142 69. Rg6 Kf7) 69. Rc7+ $1 Kd6 70. Rf7 $2 (70. a4) 70... Kc6 71. b7 Rh8 {[#]} 72. Kf2 $1 {Strongly threatening Rg1.} Rb8 $2 (72... Rh2+ 73. Ke3 Rh8) 73. Rh1 Kb6 (73... Kc5 $142 74. Rh6 Kd5) 74. Rh4 Ka5 75. Rb4 Ka6 76. Ke1 Ka7 77. Re7 Ka6 78. Re6+ Ka7 {[#]} 79. Reb6 $1 e4 80. Rb2 Bc2 81. Kxe2 Bd3+ 82. Ke3 Ba6 83. Kxe4 Bxb7+ 84. Ke5 Re8+ 85. Re6 Rh8 86. Re7 Rb8 $2 (86... Ka8 $18 87. Rbxb7 Rh5+ 88. Ke6 Rh6+ 89. Kf5 Rh5+ 90. Kg6 Rh6+ 91. Kg5 Rh5+ 92. Kf6 Rh6+ 93. Kf5 Rh5+ 94. Kf6 Rh6+ 95. Kf7 Rh7+ 96. Ke6 Rh6+ 97. Kf5) 87. Re6 $2 (87. Rb4 {mates} Ka6 88. a4 Rh8 89. Rbxb7 Rh5+ 90. Kd6 Rh6+ 91. Kc7 Rh5 92. Kc6 Rh6+ 93. Kc5 Rh5+ 94. Kd6 Rh6+ 95. Kc7) 87... Rh8 $1 88. Re7 $2 (88. Kd4 $18 Bf3 89. Rbb6) 88... Rb8 $1 89. Rb4 {White mates.} Ka6 90. Kf6 Rf8+ 91. Kg7 Rb8 92. Re6+ {Precision: White = 74%, Black = 38%.} 1-0

[Event "IOM Open-Masters 2017"]
[Site "Douglas"]
[Date "2017.09.27"]
[Round "5"]
[White "Rakesh Kumar Jena"]
[Black "Akobian, Varuzhan"]
[Result "0-1"]
[WhiteElo "2418"]
[BlackElo "2662"]
[Annotator "TA"]
[PlyCount "70"]
[EventDate "2017.??.??"]
[EventType "swiss"]
[EventCountry "GBR"]
[SourceTitle "playchess.com"]
[Source "ChessBase"]
[SourceQuality "1"]

{[%evp 14,70,-31,-49,-50,-47,-48,-30,-43,-43,-43,-40,-40,-20,-40,-37,0,0,-8,-67,-66,-119,-118,-155,-163,-208,-202,-211,-206,-204,-202,-204,-203,-221,-208,-202,-199,-197,-207,-285,-321,-306,-299,-337,-315,-293,-305,-666,-277,-268,53,-268,-234,-226,-220,-702,-695,-680,-672]} 1. Nf3 Nf6 2. g3 d5 3. Bg2 c6 4. O-O Bf5 5. c4 e6 6. d4 Nbd7 7. Nc3 dxc4 {D11: Slav Defence: 3 Nf3 sidelines and 3...Nf6 4 e3 Bg4} 8. Re1 {LiveBook: 5 Games} Bb4 9. Bg5 Bxc3 $146 {Black is slightly better.} ({Predecessor:} 9... h6 10. Bxf6 Nxf6 11. Ne5 O-O 12. Nxc4 Rc8 13. Rc1 Qe7 14. a3 Bxc3 15. Rxc3 {0-1 (24) Stockmann,M (2200)-Van Wely,L (2685) Kuppenheim 2005}) 10. bxc3 Be4 11. Qa4 b5 12. Qa3 a5 13. Ne5 {aiming for Bxe4.} Bxg2 14. Kxg2 Ra6 (14... Nxe5 $6 15. dxe5 Qd5+ 16. e4 $14) 15. Nxd7 Qxd7 16. e4 ({White should play} 16. Bxf6 $1 $11 gxf6 17. e4) 16... Nd5 $1 $15 {[%cal Bf6d5,Bd5b6,Bb6a4][%mdl 32]} 17. Kg1 ({Better is} 17. Bh6 $15) 17... Nb6 $1 $17 18. d5 cxd5 19. Rad1 {Strongly threatening exd5.} f6 $1 {[%cal Rf6g5]} 20. Be3 Na4 $1 21. exd5 {[#]} Qd6 $1 {[%cal Rd6a3]} (21... exd5 22. Bh6+ Kd8 {[#]} 23. Bxg7 $1 $11 {[%mdl 512]}) 22. Qc1 e5 23. f4 O-O 24. Qc2 Qa3 25. fxe5 fxe5 (25... Nxc3 26. Bc1 $11) 26. Rf1 Raf6 (26... Nxc3 27. Rxf8+ Kxf8 28. d6 $11) 27. Rxf6 Rxf6 28. Bg5 Rf7 ({Not} 28... Nxc3 29. Bxf6 gxf6 30. d6 $15) ({Don't blunder} 28... Qxc3 $2 29. Qxc3 Nxc3 30. Bxf6 $18) 29. d6 Qc5+ ({Worse is} 29... Nxc3 30. d7 $11) 30. Kh1 $2 (30. Kg2) 30... Qc6+ (30... Rf2 $142 {( -> ...Qc6+)} 31. Qe4 Nxc3 32. Qa8+ Rf8 33. Qxf8+ Kxf8) 31. Qg2 $19 Qxg2+ 32. Kxg2 Rd7 33. Be7 {intending Rf1.} Kf7 34. Rd5 $2 (34. Rc1) 34... Nxc3 35. Rxe5 b4 {Precision: White = 40%, Black = 88%.} 0-1

[Event "IOM Open-Masters 2017"]
[Site "Douglas"]
[Date "2017.09.27"]
[Round "5"]
[White "Kojima, Shinya"]
[Black "Oyama, Akito"]
[Result "1/2-1/2"]
[WhiteElo "2403"]
[BlackElo "2198"]
[Annotator "TA"]
[PlyCount "68"]
[EventDate "2017.??.??"]
[EventType "swiss"]
[EventCountry "GBR"]
[SourceTitle "playchess.com"]
[Source "ChessBase"]
[SourceQuality "1"]

{[%evp 24,68,34,40,67,53,71,43,53,30,30,30,31,33,40,0,0,0,0,0,0,4,0,-6,25,0,0,-18,-9,-94,-93,-135,23,0,0,-86,7,-19,0,-16,0,21,13,0,0,0,10]} 1. Nf3 Nf6 2. c4 e6 3. Nc3 Bb4 4. Qc2 O-O 5. a3 Bxc3 6. Qxc3 b6 7. b4 Bb7 8. Bb2 c5 9. e3 d6 10. Be2 Nbd7 11. O-O Rc8 12. Rfd1 Qe7 13. d4 {LiveBook: 8 Games} cxd4 {A17: English Opening: 1...Nf6 with ...Bb4} 14. Qxd4 {[#]} ({Much worse is} 14. Nxd4 Ne5 $11) 14... Bxf3 $146 ({Predecessor:} 14... d5 15. cxd5 {½-½ (15) Shchekachev,A (2570)-Rotstein,A (2528) Austria 2006}) 15. gxf3 Ne8 {White is slightly better.} 16. Kh1 Ne5 17. Rac1 Ng6 18. Rd2 f5 19. Rg1 e5 20. Qd5+ Kh8 $1 21. Bf1 Rc7 22. a4 Qh4 23. Qd3 Qh5 24. Be2 f4 25. e4 Nh4 {next ...Rf6 is good for Black.} 26. Rc2 (26. Rg4 $11) 26... Rf6 $1 $17 {[%cal Rf6h6] ...Rh6 is the strong threat.} 27. Rg4 {[#]} Ng6 $2 (27... Rh6 $1 $17 28. Kg1 Ng6) 28. Rg2 Nh4 (28... Rc8 $11) 29. Rg4 {[#]} Ng6 (29... Rh6 $1 $17 {( -> ...Nxf3!)} 30. Kg1 Ng6) 30. Rg2 {The position is equal.} Qh3 {And now ...Nh4 would win.} 31. Rc3 Nh4 {[%csl Gh4][%cal Rh3g2]} 32. Rg4 {Hoping for Bf1.} Ng6 33. Rg2 Nh4 {[%csl Gh4][%cal Rh3g2]} 34. Rg4 {aiming for Bf1.} Ng6 {Precision: White = 43%, Black = 49%.} 1/2-1/2

[Event "IOM Open-Masters 2017"]
[Site "Douglas"]
[Date "2017.09.27"]
[Round "5"]
[White "Eggleston, David J"]
[Black "Lampert, Jonas"]
[Result "1/2-1/2"]
[WhiteElo "2400"]
[BlackElo "2514"]
[Annotator "TA"]
[PlyCount "72"]
[EventDate "2017.??.??"]
[EventType "swiss"]
[EventCountry "GBR"]
[SourceTitle "playchess.com"]
[Source "ChessBase"]
[SourceQuality "1"]

{[%evp 15,72,12,11,-12,14,19,7,25,16,0,12,4,11,7,6,10,10,15,12,2,0,3,11,0,0,0,0,0,0,0,0,0,0,0,0,0,0,0,0,0,0,0,0,0,0,0,0,0,0,0,0,0,0,0,0,0,0,0,0]} 1. c4 e6 2. d4 d5 3. Nc3 Bb4 4. e3 Nf6 5. Nf3 O-O 6. Bd3 b6 7. O-O Ba6 {E52: Nimzo-Indian: Rubinstein: 4...0-0 5 Nf3 d5 6 Bd3 b6} (7... Bb7 8. cxd5 exd5 9. a3 Bd6 10. b4 Nbd7 11. Qb3 c6 12. e4 dxe4 13. Nxe4 Nxe4 14. Bxe4 Qc7 15. Bg5 Rfe8 16. Rfe1 h6 17. Bh4 Bf4 18. Rad1 Rab8 19. Bb1 Nf8 {1-0 (44) Kravtsiv,M (2657)-Zhigalko,S (2648) Kocaeli 2017}) 8. Qe2 c5 {LiveBook: 5 Games} 9. dxc5 dxc4 (9... Bxc3 $5 10. bxc3 bxc5 $11) 10. Bxc4 Bxc4 11. Qxc4 {[#] aiming for Rd1.} Bxc5 12. Rd1 {The position is equal.} Qc8 $146 ({Predecessor:} 12... Qe7 13. b3 Nbd7 14. Bb2 Rfc8 15. Qa6 {½-½ (49) Vavrla,Z-Vinklarek,V Czech Republic 1999}) 13. b3 Be7 14. Ne5 Qxc4 15. Nxc4 Nc6 16. Bb2 Rfd8 17. h3 Nb4 18. Ne5 Rac8 19. Rac1 Rxd1+ 20. Rxd1 Nfd5 21. Nxd5 Nxd5 22. Rc1 Rxc1+ 23. Bxc1 $11 {[%mdl 4096] Endgame KBN-KBN} Nc3 {[#] And now ...Ne2+ would win.} 24. Bd2 Nxa2 25. Nc6 Bf6 26. Nxa7 Bc3 27. Bxc3 Nxc3 {KN-KN} 28. Kf1 Kf8 29. Nc6 Ke8 30. Ke1 f6 31. f3 Kd7 32. Nb4 Kd6 33. Kd2 Nb5 34. Kd3 e5 35. g4 g6 36. f4 exf4 {Precision: White = 78%, Black = 75%.} 1/2-1/2

[Event "IOM Open-Masters 2017"]
[Site "Douglas"]
[Date "2017.09.27"]
[Round "5"]
[White "Kavutskiy, Konstantin"]
[Black "Nihal Sarin"]
[Result "1-0"]
[WhiteElo "2390"]
[BlackElo "2483"]
[Annotator "TA"]
[PlyCount "143"]
[EventDate "2017.??.??"]
[EventType "swiss"]
[EventCountry "GBR"]
[SourceTitle "playchess.com"]
[Source "ChessBase"]
[SourceQuality "1"]

{[%evp 22,143,6,-62,0,0,0,0,0,0,0,0,0,0,0,0,0,0,0,0,0,0,37,21,62,39,43,46,37,9,11,20,21,29,23,8,8,15,27,39,42,0,88,0,138,134,396,0,0,0,0,0,82,89,67,20,202,200,293,262,380,393,377,336,514,408,394,161,146,118,757,731,800,168,197,214,193,183,228,215,212,200,188,135,143,186,337,329,363,355,479,452,458,421,751,770,799,751,1077,928,1125,1127,5189,5118,1441,134,135,135,134,134,134,8,8,8,1062,1055,1055,1015,29981,29982,29982,29983,29984,29983]} 1. d4 Nf6 2. c4 e6 3. Nf3 d5 4. Nc3 Bb4 5. Bg5 dxc4 6. g3 O-O 7. Bg2 h6 8. Bxf6 Qxf6 9. O-O Nc6 10. e3 {E20: Nimzo-Indian: 4 g3 and 4 f3} Rd8 (10... Bxc3 11. bxc3 Rb8 12. Nd2 Na5 13. Qa4 b6 14. Qb5 Qf5 15. a4 c6 16. Qb4 Ba6 17. e4 Qg5 {0-1 (45) Perelshteyn,E (2509)-Giri,A (2771) Reykjavik 2017}) 11. Nd2 e5 12. d5 {LiveBook: 3 Games} (12. Nd5 $11 Rxd5 13. Bxd5) 12... Ne7 ({Black should try} 12... Na5 $15) 13. Nxc4 $146 ({Predecessor:} 13. e4 Bd7 14. Nxc4 Bc5 15. Qb3 Rab8 16. Rac1 c6 17. Ne3 Bd4 {1-0 (31) Potapov,A (2402)-Bocharov,D (2611) Sochi 2016}) 13... Bxc3 14. bxc3 Nxd5 15. Bxd5 Be6 16. e4 {[%cal Be3e4,Be4d5][%mdl 32]} c6 17. Ne3 cxd5 18. exd5 Bd7 19. c4 Rac8 20. a4 Qd6 21. Qd3 Re8 22. Rfc1 g6 23. Rab1 Rc7 24. a5 Rec8 25. h4 h5 26. Qd2 f5 {[%cal Bf7f5,Bf5f4][%mdl 32]} 27. Qb4 $36 {[%mdl 2048] White fights for an advantage.} Rc5 $1 28. Qxb7 f4 $1 {[%cal Rf4e3]} 29. Nf1 Bf5 30. Rb2 Rxa5 31. Re1 Ra4 (31... Rxc4 $11 32. Nd2 Rcc5) 32. Nd2 ({White should play} 32. gxf4 $16 Raxc4 33. fxe5) 32... Rf8 (32... fxg3 $11 33. fxg3 Rf8) 33. gxf4 $16 e4 $2 {[%mdl 8192]} (33... exf4 $16 34. Qe7 Qxe7 35. Rxe7 Rf7) 34. Qb3 $2 (34. Nxe4 $18 Bxe4 35. Rxe4) 34... Qxf4 $11 35. Qg3 Qxg3+ $1 36. fxg3 Ra3 (36... a5 $11 {keeps the balance.}) 37. Nxe4 $16 Rd3 38. Rf2 {Black should prevent Ra2.} Rd8 $2 (38... a5 $1 $11) 39. Nf6+ $18 Kg7 {[#]} (39... Kf7 $142) 40. Nxh5+ $1 {[%mdl 512]} Kh6 (40... gxh5 {is a better defense.} 41. Rxf5 Rxg3+ 42. Kf2 Rc3 43. Re7+ (43. Rxh5 Rxc4 44. Ra1 Rd4 $16) 43... Kg6 44. Rg5+ Kf6 45. Re6+ (45. Rxa7 Rxc4 46. Rxh5 Rd4 $18) 45... Kf7 46. Rf5+ (46. Rxh5 Rxc4 47. Rf5+ Kg7 $16) 46... Kg7 47. Re7+ (47. Rxh5 Rxc4 48. Ke3 Rg4 $18) 47... Kg6 48. Rg5+ Kf6 49. Re6+ (49. Rxa7 Rxc4 50. Rxh5 Rd4 $18) 49... Kf7 50. Rf5+ (50. Rxh5 Rxc4 51. Rf5+ Kg7 $16) 50... Kg7 51. Re7+ (51. Rxh5 Rxc4 52. Ke3 a5 $18)) 41. g4 $1 Bxg4 42. Nf6 $1 Bf3 (42... Rg3+ $142 43. Rg2 Rxg2+ 44. Kxg2 Bf5) 43. Re7 {[%csl Gf6][%cal Re7h7]} g5 {[#]} 44. hxg5+ (44. Ng4+ $142 $1 {[%mdl 512]} Kh5 (44... Bxg4 45. Rf6+) 45. Ne5 Rd1+ 46. Kh2) 44... Kxg5 45. Ne4+ $1 Kg4 $2 {[%mdl 8192]} (45... Bxe4 $16 46. Re5+ (46. Rxe4 a5 $16) 46... Kg6 47. Rxe4 a5) 46. Nd2 Rg8 47. Re6 $2 ({Weaker is} 47. Rxf3 Rxf3 48. Nxf3 Kxf3+ 49. Kf1 Rc8 $11) (47. Nxf3 Rxf3 48. d6 Rg3+ 49. Kf1) 47... Kh5+ 48. Kf1 Bg4 49. Re5+ Rg5 50. Rxg5+ Kxg5 {[%mdl 4096] Endgame KRB-KRN} 51. Ne4+ Kg6 52. Rf6+ (52. Rf4 $18 Bf3 53. Kf2 Bxe4 54. Rxe4) 52... Kg7 $16 53. Rf4 $1 {[%cal Rf4g4]} Bh5 $2 (53... Rf3+ {was worth a try.} 54. Rxf3 Bxf3) 54. Nc5 $18 Rd1+ 55. Kf2 Bf7 56. Ke2 Bh5+ 57. Ke3 a5 (57... Bf7 $142 58. Nd3 Bg6) 58. Rd4 Re1+ 59. Kd2 Re2+ 60. Kc3 Re3+ 61. Rd3 Rxd3+ 62. Nxd3 {KB-KN} Kf6 63. Kd4 $2 (63. c5 $18 {and the rest is easy. And now c6 would win.} Bf3 64. Kc4) 63... a4 $16 64. c5 a3 {aiming for ...a2.} 65. Nb4 Bd1 66. c6 (66. Kc4 $1 $16) 66... Ke7 $11 67. Kc5 Kd8 $2 {[%mdl 8192]} (67... Bg4 $11) 68. Kb6 $1 $18 {Hoping for c7+.} Kc8 {[#]} 69. c7 $1 Bg4 70. Nc6 {White mates.} Kd7 {[#]} 71. Ne5+ $1 Kc8 72. Nc4 {Precision: White = 55%, Black = 41%.} 1-0

[Event "IOM Open-Masters 2017"]
[Site "Douglas"]
[Date "2017.09.27"]
[Round "5"]
[White "Bellin, Robert"]
[Black "Visakh N R"]
[Result "1/2-1/2"]
[WhiteElo "2344"]
[BlackElo "2458"]
[Annotator "TA"]
[PlyCount "88"]
[EventDate "2017.??.??"]
[EventType "swiss"]
[EventCountry "GBR"]
[SourceTitle "playchess.com"]
[Source "ChessBase"]
[SourceQuality "1"]

{[%evp 12,88,4,0,8,12,15,10,25,14,18,11,28,12,14,15,12,11,16,16,17,13,18,12,17,10,24,28,41,10,22,12,33,22,33,35,32,18,18,18,18,0,19,0,0,0,0,0,0,0,0,0,0,0,0,0,0,0,0,0,0,0,0,0,0,0,0,0,0,0,0,0,0,0,0,0,0,0,0]} 1. Nf3 Nf6 2. e3 g6 3. b4 Bg7 4. Bb2 O-O 5. Be2 d6 6. c4 a5 {A15: English Opening: 1...Nf6} (6... e5 7. d3 a5 8. a3 axb4 9. axb4 Rxa1 10. Bxa1 Na6 11. Qb3 e4 12. dxe4 Nxe4 13. Bxg7 Kxg7 14. Nc3 Nxc3 15. Qxc3+ Qf6 {1-0 (58) Lenic,L (2637)-Jones,G (2635) Arvier 2012}) 7. a3 {LiveBook: 5 Games} b6 8. O-O Bb7 9. Nc3 $146 ({Predecessor:} 9. d3 Nbd7 10. Nbd2 Ra7 11. Nd4 Qa8 12. Bf3 {½-½ (40) Grundherr,M (2343)-Reich,T (2397) Austria 2003}) 9... Nbd7 10. d4 Ne4 11. Qc2 Ndf6 12. Nxe4 Bxe4 13. Qb3 Bb7 14. Rfd1 Qd7 15. Nd2 e6 16. Qc2 Qe7 17. Bc3 axb4 18. axb4 e5 19. d5 Nd7 20. b5 f5 21. Nb3 e4 22. Qb2 Bxc3 23. Qxc3 Qg7 24. Qxg7+ Kxg7 {The position is equal.} 25. h4 Kf6 26. g3 Ke7 (26... Ne5 {seems wilder.} 27. Nd4 Rxa1 28. Rxa1 Ra8 29. Rxa8 Bxa8 30. h5 Bb7) 27. Rxa8 (27. g4 {is more complex.} fxg4 28. Bxg4 Nc5 29. Nxc5 dxc5 30. Kg2) 27... Rxa8 28. Ra1 Rxa1+ 29. Nxa1 $11 {[%mdl 4096] Endgame KBN-KBN} Nc5 30. Kf1 h6 31. Ke1 Bc8 32. Nc2 Kf6 33. Nb4 g5 34. hxg5+ hxg5 35. Kd2 g4 36. Bf1 Bb7 37. Be2 Ke7 38. Bf1 Nd7 39. Nc2 Ne5 40. Be2 Bc8 41. Nb4 Bd7 42. Na6 Kd8 43. Nb4 Nf7 44. Nc2 Ne5 {Precision: White = 72%, Black = 66%.} 1/2-1/2